| 000 | 01030nac a22003377a 4500 | ||
|---|---|---|---|
| 001 | BR0809516 | ||
| 003 | BR-BrBNA | ||
| 005 | 20240105123711.0 | ||
| 008 | 230509b bl.|||m| |||| 00| 0 por d | ||
| 040 |
_aBR-BrBNA _bpor _cBiblioteca Nacional de Agricultura |
||
| 072 | _aK10 | ||
| 090 | _a3869 BR0809516 | ||
| 100 | 1 | _aMoraes Neto, S.P. de | |
| 100 | 1 | _aAbreu Júnior, C.H. | |
| 100 | 1 | _aMuraoka, T. | |
| 110 | 1 | _aEMBRAPA Cerrados, Planaltina, DF (Brasil) | |
| 245 | 1 | _aUso de biossólido em plantios florestais | |
| 260 | 3 |
_aPlanaltina, DF (Brasil): _c2007. |
|
| 300 | _a26 p. | ||
| 490 |
_aDocumentos - EMBRAPA Cerrados (Brazil) _vno. 202 _xISSN 1517-5111 |
||
| 500 | _aSummaries (En, Pt); Bibliography p. 20-25 | ||
| 650 | _aFLORESTA | ||
| 650 | _aSISTEMA DE CULTIVO | ||
| 650 | _aSILVICULTURA | ||
| 650 | _aCOMPOSTO ORGÂNICO | ||
| 650 | _aCOMPOSTO INORGÂNICO | ||
| 650 | _aRESÍDUO ORGANICO | ||
| 650 | _aLODO RESIDUAL | ||
| 909 |
_a202312 _bLúcia Elande _c55 _dLúcia Elande |
||
| 942 |
_2AGRIS _n0 _cMS |
||
| 999 |
_c296607 _d296607 |
||